[Event "Ruhrgebiet Verbandsliga Gruppe 2 1819"]
[Site "Nordrheinwestfalen"]
[Date "2018.10.07"]
[Round "2.8"]
[White "Schaede, Maximilian"]
[Black "Medger, Gernot"]
[Result "1-0"]
[WhiteElo "1841"]
[BlackElo "1813"]
[PlyCount "73"]
[EventDate "2018.09.23"]
[EventType "team-tourn"]
[EventRounds "9"]
[EventCountry "GER"]
[SourceTitle "EXT 2022"]
[Source "ChessBase"]
[SourceDate "2021.10.06"]
[SourceVersion "1"]
[SourceVersionDate "2021.10.06"]
[SourceQuality "1"]
[WhiteTeam "Brackel SF III"]
[BlackTeam "Boenen SV"]
[WhiteTeamCountry "GER"]
[BlackTeamCountry "GER"]

1. d4 d6 2. Nf3 Nd7 3. c4 e5 4. Nc3 Ngf6 5. e4 c6 6. Bg5 Be7 7. Qc2 h6 8. Bh4 Nh5 9. Bxe7 Qxe7 10. 0-0-0 Nhf6 11. Nh4 g6 12. Qd2 a6 13. g3 b5 14. d5 b4 15. dxc6 bxc3 16. cxd7+ Bxd7 17. Qxc3 Nxe4 18. Qf3 Qg5+ 19. Kc2 Bg4 20. Qxe4 Bxd1+ 21. Kxd1 0-0 22. Bd3 Rac8 23. Qd5 Kg7 24. Kc2 Rfd8 25. b4 f5 26. Qb7+ Kg8 27. Qd5+ Kg7 28. Rd1 Qf6 29. Ng2 Rb8 30. a3 a5 31. Qxa5 Rdc8 32. Qd5 e4 33. Be2 Rd8 34. Nf4 Rd7 35. c5 Ra7 36. Qxd6 Rxa3 37. Qc7+ 1-0

[Event "Dortmund Sparkassen op-B"]
[Site "Dortmund"]
[Date "2014.07.17"]
[Round "6"]
[White "Schaede, Maximilian"]
[Black "Asadzade, Idris"]
[Result "1/2-1/2"]
[WhiteElo "1688"]
[BlackElo "1483"]
[PlyCount "62"]
[EventDate "2014.07.12"]
[EventType "swiss"]
[EventRounds "9"]
[EventCountry "GER"]
[SourceTitle "EXT 2022"]
[Source "ChessBase"]
[SourceDate "2021.10.06"]
[SourceVersion "1"]
[SourceVersionDate "2021.10.06"]
[SourceQuality "1"]

1. d4 Nf6 2. c4 e5 3. dxe5 Ng4 4. Nf3 Bc5 5. e3 Nc6 6. b3 Bb4+ 7. Nbd2 Bc3 8. Rb1 Ngxe5 9. Nxe5 Bxe5 10. Bb2 Bxb2 11. Rxb2 d6 12. Nf3 Bg4 13. Be2 0-0 14. 0-0 Qf6 15. Rd2 Rfe8 16. h3 Bh5 17. Rd5 Ne5 18. g4 Bg6 19. Nxe5 Rxe5 20. Bf3 Rxd5 21. Bxd5 Rb8 22. Re1 b6 23. f4 h6 24. Bc6 Qe7 25. f5 Bh7 26. Kg2 g6 27. e4 Qe5 28. Re2 Qc5 29. Qd5 Qxd5 30. Bxd5 Kg7 31. Bc6 f6 1/2-1/2

[Event "Dortmund Sparkassen op-B"]
[Site "Dortmund"]
[Date "2014.07.13"]
[Round "2"]
[White "Sherif, Malik"]
[Black "Schaede, Maximilian"]
[Result "0-1"]
[WhiteElo "1419"]
[BlackElo "1688"]
[PlyCount "78"]
[EventDate "2014.07.12"]
[EventType "swiss"]
[EventRounds "9"]
[EventCountry "GER"]
[SourceTitle "EXT 2022"]
[Source "ChessBase"]
[SourceDate "2021.10.06"]
[SourceVersion "1"]
[SourceVersionDate "2021.10.06"]
[SourceQuality "1"]

1. e4 c5 2. Nf3 d6 3. d4 cxd4 4. Nxd4 Nf6 5. Nc3 a6 6. Bg5 e5 7. Nb3 Be6 8. f3 Be7 9. Qd2 0-0 10. 0-0-0 Nbd7 11. g4 b5 12. h4 Nb6 13. Bxf6 gxf6 14. Rg1 Kh8 15. Kb1 Rg8 16. Be2 Nc4 17. Qc1 Rc8 18. Nd5 Rc6 19. Rge1 Bf8 20. Nb4 Rb6 21. Nd5 Rb7 22. Nb4 Rg6 23. Ka1 Bh6 24. Qb1 a5 25. Bxc4 bxc4 26. Nc6 Qc7 27. Nbxa5 Rb5 28. a4 Rxa5 29. Nxa5 Qxa5 30. Qa2 Rg8 31. Re2 d5 32. exd5 Bxd5 33. Rf1 Ra8 34. Kb1 c3 35. b3 Qb4 36. Rg2 Bc6 37. g5 Rxa4 38. gxh6 Rxa2 39. Rd1 Ra1+ 0-1